Statystyki dla Flagi Terytoriów Zależnych

Kliknij tutaj aby rozwiązać quiz!

Ogólne statystyki

  • Ten quiz został rozwiązany 2 697 razy
    (2 674 od ostatniego zresetowania)
  • Średni wynik to 20 z 42

Statystyki odpowiedzi

Odpowiedź% Poprawnych
Grenlandia
96%
Wyspy Owcze
90%
Gibraltar
87%
Guam
85%
Portoryko
85%
Hong Kong
83%
Wyspa Man
81%
Aruba
69%
Samoa Amerykańskie
65%
Jersey
62%
Wyspy Dziewicze Stanów Zjedoczonych
61%
Wyspy Kokosowe
61%
Norfolk
60%
Wyspy Cooka
58%
Niue
55%
Wyspy Alandzkie
55%
Bermudy
54%
Makau
53%
Curacao
50%
Mariany Północne
48%
Brytyjskie Wyspy Dziewicze
47%
Anguilla
43%
Polinezja Francuska
43%
Wyspa Bożego Narodzenia
43%
Falklandy
41%
Tokelau
40%
Guernsey
39%
Wyspa Wielkanocna
33%
Kajmany
30%
Montserrat
29%
Turks i Caicos
28%
Sint Maarten
26%
Pitcairn
25%
Święta Helena
21%
Wyspy Kanaryjskie
21%
Azory
19%
Szetlandy
18%
Orkady
14%
Madera
12%
Sark
9%
Herm
8%
Alderney
7%

Rozkład punktacji

Percentyl według liczby udzielonych odpowiedzi

Procent ludzi z każdym wynikiem

Twoja historia wyników

Nie rozwiązałeś tego quizu od ostatniego zresetowania